000 00277nam a22001337a 4500
008 171220b xxu||||| |||| 00| 0 eng d
020 _a460780001
041 _aeng
080 _a33
100 _a58
101 _aBUS
245 _aBIG BUSINESS
_cCLARK,J,B
942 _2udc
_cBK
999 _c39205
_d39205